000 00235nam a2200097Ia 4500
001 1011199
005 20250826230735.0
008 250824s9999 xx 000 0 und d
245 0 _aARAZ
_cKAHRAMAN TAZEOĞLU
260 _bDESTEK YAYINLARI
999 _c1011199
_d1011199